Lễ tục vòng đời người Mường Điều tra - Khảo sát - Hồi cố ở vùng Mường Thanh Hoá

Khái quát chung về lịch sử tộc người, dân số, nơi định cư sinh sống, kinh tế - đời sống vật chất, chế độ lang đạo và những nét cơ bản về tín ngường của người Mường ở Thanh Hoá. Luật tục vòng đời người Mường từ lúc trong bụng mẹ, quá trình nuôi dưỡng, giai đoạn trưởng thành, khi tuổi già và đến tận l...

Popoln opis

Shranjeno v:
Bibliografske podrobnosti
Glavni avtor: Cao Sơn Hải
Format: Knjiga
Jezik:Vietnamese
Izdano: H. Khoa học xã hội 2015
Teme:
Oznake: Označite
Brez oznak, prvi označite!
Thư viện lưu trữ: Mạng thư viện Đại học Đà Nẵng
LEADER 01789aam a22003858a 4500
001 000023541
003 19994
005 20151228161250.0
008 151228s2015 viesd
020 |d 2000b 
041 0 |a vie 
082 0 4 |2 23  |a 392.0959741  |b CA-H 
100 1 |a Cao Sơn Hải 
245 1 0 |a Lễ tục vòng đời người Mường  |b Điều tra - Khảo sát - Hồi cố ở vùng Mường Thanh Hoá  |c Cao Sơn Hải 
260 |a H.  |b Khoa học xã hội  |c 2015 
300 |a 319 tr.  |c 21 cm. 
500 |a ĐTTS ghi: Hội Văn nghệ dân gian Việt Nam 
504 |a Thư mục: tr. 311-315 
520 |a Khái quát chung về lịch sử tộc người, dân số, nơi định cư sinh sống, kinh tế - đời sống vật chất, chế độ lang đạo và những nét cơ bản về tín ngường của người Mường ở Thanh Hoá. Luật tục vòng đời người Mường từ lúc trong bụng mẹ, quá trình nuôi dưỡng, giai đoạn trưởng thành, khi tuổi già và đến tận lúc qua đời 
650 0 4 |2 Bộ TK TVQG  |a Lễ tục vòng đời  |x Điều tra  |x Người Mường  |z Thanh Hóa 
650 7 |2 Bộ TK TVQG 
650 7 |2 Bộ TK TVQG 
651 7 |2 Bộ TK TVQG  |a Thanh Hoá 
653 |a Lễ tục vòng đời 
653 |a Người Mường 
OWN |a LSP 
AVA |a UDN50  |b LSP  |d 392.0959741 CA-H  |e available  |t Error 5001 Not defined in file expand_doc_bib_avail.  |f 1  |g 0  |h N  |i 0  |k 1 
999 |a From the UDN01 
AVA |a UDN50  |b LSP  |d 392.0959741 CA-H  |e available  |t Error 5001 Not defined in file expand_doc_bib_avail.  |f 1  |g 0  |h N  |i 0  |k 1 
TYP |a Monograph 
TYP |a Printed language 
980 |a Mạng thư viện Đại học Đà Nẵng